000 00328nam a2200133 i 4500
001 bg
100 1 _aRUDNICKI, PIOTR
245 0 _aJęzyk informacyjno-logicznej w infomacji naukowej /
_cP. Rudnicki.
260 _aWarszawa,
_c1980.
040 _cBPK
041 _apol
942 _cKS
008 s pl f |000 0 pol
999 _c9418
_d9418
856 _uhttp://koha.tu.koszalin.pl/cgi-bin/koha/opac-detail.pl?biblionumber=9418
_yKatalog online BPK